书目信息 |
| 题名: |
马歇尔
|
|
| 作者: | 李乡状 编著 | |
| 分册: | ||
| 出版信息: | 长春 吉林大学出版社 2018重印 |
|
| 页数: | 391页 | |
| 开本: | 24cm | |
| 丛书名: | ||
| 单 册: | ||
| 中图分类: | K837.125.2=532 , K837.127=532 | |
| 科图分类: | ||
| 主题词: | 将军--jiang jun--传记--美国--现代 , 政治家--zheng zhi jia--传记--美国--现代 | |
| 电子资源: | ||
| ISBN: | 978-7-5601-4678-2 | |
| 000 | 01073nam0 2200313 45 | |
| 001 | 012001009772 | |
| 005 | 20140103161054.0 | |
| 010 | @a978-7-5601-4678-2@dCNY58.00 | |
| 092 | @aCN@bCEPC093801-1476 | |
| 099 | @aCAL 012010008925 | |
| 100 | @a20100115d2009 em y0chiy50 ea | |
| 101 | 0 | @achi |
| 102 | @aCN@b220000 | |
| 105 | @aa z 000yb | |
| 106 | @ar | |
| 200 | 1 | @a马歇尔@AMa Xie Er@d= Maxieer@f李乡状等编著@zeng |
| 210 | @a长春@c吉林大学出版社@d2018重印 | |
| 215 | @a391页@c图@d24cm | |
| 330 | @a本书主要内容包括顽劣少年、军校生涯、继续深造、初上战场、命运的转折、总统赏识、暴风雨的前夕、珍珠港事件、战乱四起、艰难的日子等。 | |
| 333 | @a史学爱好者 | |
| 510 | 1 | @aMaxieer@zeng |
| 600 | 0 | @a马歇尔@Ama xie er@g(Marshall, George Catlett),@f1880-1959@x传记 |
| 606 | 0 | @a将军@Ajiang jun@x传记@y美国@z现代 |
| 606 | 0 | @a政治家@Azheng zhi jia@x传记@y美国@z现代 |
| 690 | @aK837.125.2=532@v4 | |
| 690 | @aK837.127=532@v4 | |
| 701 | 0 | @a李乡状@ALi Xiang Zhuang@4编著 |
| 801 | 2 | @aCN@b上海新华@c20191020 |
| 905 | @b1189430-3@dK837.125.2=532@e1100@f4 | |
| 马歇尔= Maxieer/李乡状等编著.-长春:吉林大学出版社,2018重印 |
| 391页:图;24cm |
| 使用对象:史学爱好者 |
| ISBN 978-7-5601-4678-2:CNY58.00 |
| 本书主要内容包括顽劣少年、军校生涯、继续深造、初上战场、命运的转折、总统赏识、暴风雨的前夕、珍珠港事件、战乱四起、艰难的日子等。 |
| ● |
| 相关链接 |
|
|
|
|
正题名:马歇尔
索取号:K837.125.2=532/1100
 
预约/预借
| 序号 | 登录号 | 条形码 | 馆藏地/架位号 | 状态 | 备注 |
| 1 | 1189430 | 211894306 | 第二样本阅览室/ [索取号:K837.125.2=532/1100] | 在馆 | |
| 2 | 1189431 | 211894315 | 第二借阅区/ [索取号:K837.125.2=532/1100] | 在馆 | |
| 3 | 1189432 | 211894324 | 第二借阅区/ [索取号:K837.125.2=532/1100] | 在馆 | |
| 4 | 1189433 | 211894333 | 第二借阅区/ [索取号:K837.125.2=532/1100] | 在馆 |